00581nam a2200169Ia 4500008004100000020001800041041000800059082001600067100001800083245005700101250000600158260006100164300001300225650001800238999001900256952013600275210716s2013 xx 000 0 und d a9781259027017 aeng a153.94 SHAA aSharma, Arun. aHow to prepare for quantitative aptitude for the CAT a5 aNew DelhibTata McGraw Hill Publishing Company Ltdc2013 axxix,639 aAptitude Test c193205d193205 001040708MCAaAIMITbAIMITeHigginbothams Pvt Ltdg625.00l0o153.94 SHAApMCA12713r2026-05-23 00:00:00v468.75w2021-07-16yBK